Confronting the will-to-power: (Record no. 17365)
[ view plain ]
| 000 -LEADER | |
|---|---|
| fixed length control field | 00614nam a2200193Ia 4500 |
| 008 - FIXED-LENGTH DATA ELEMENTS--GENERAL INFORMATION | |
| fixed length control field | 200824s9999||||xx |||||||||||||| ||und|| |
| 020 ## - INTERNATIONAL STANDARD BOOK NUMBER | |
| International Standard Book Number | 1597529230 |
| 020 ## - INTERNATIONAL STANDARD BOOK NUMBER | |
| International Standard Book Number | 9781597529235 |
| 041 ## - LANGUAGE CODE | |
| Language code of text/sound track or separate title | eng |
| 050 ## - LIBRARY OF CONGRESS CALL NUMBER | |
| Classification number | BX4827.N5 |
| Item number | .L68 2001 |
| 100 ## - MAIN ENTRY--PERSONAL NAME | |
| Personal name | Lovatt, Mark F. W. |
| 245 #0 - TITLE STATEMENT | |
| Title | Confronting the will-to-power: |
| Remainder of title | a reconsideration of the theology of Reinhold Niebuhr / |
| Statement of responsibility, etc. | Mark F. W. Lovatt |
| 260 ## - PUBLICATION, DISTRIBUTION, ETC. | |
| Place of publication, distribution, etc. | Eugene, Ore. : |
| Name of publisher, distributor, etc. | Wipf & Stock, |
| 300 ## - PHYSICAL DESCRIPTION | |
| Extent | xvi, 215 p. |
| Other physical details | ; |
| Dimensions | 23 cm. |
| 650 ## - SUBJECT ADDED ENTRY--TOPICAL TERM | |
| Topical term or geographic name entry element | Niebuhr, Reinhold, -- 1892-1971. |
| 650 ## - SUBJECT ADDED ENTRY--TOPICAL TERM | |
| Topical term or geographic name entry element | Philosophical theology. |
| 650 ## - SUBJECT ADDED ENTRY--TOPICAL TERM | |
| Topical term or geographic name entry element | Theology, Doctrinal. |
| Withdrawn status | Lost status | Damaged status | Not for loan | Home library | Current library | Shelving location | Date acquired | Total Checkouts | Full call number | Barcode | Date last seen | Price effective from | Koha item type |
|---|---|---|---|---|---|---|---|---|---|---|---|---|---|
| GETS Theological Seminary Library | GETS Theological Seminary Library | General Stacks | 08/24/2020 | BX4827.N5 .L68 2001 | 00005586 | 08/24/2020 | 08/24/2020 | English Books |